[Event "Quebec-ch qual"]
[Site "Gatineau CAN"]
[Date "2008.03.11"]
[Round "1"]
[White "Blouin, Francois"]
[Black "Duret, Serge"]
[Result "1-0"]
[WhiteElo "1512"]
[BlackElo "1035"]
[PlyCount "63"]
[GameId "2160767910413229"]
[EventDate "2008.03.11"]
[EventType "swiss"]
[EventRounds "5"]
[EventCountry "CAN"]
[SourceTitle "EXT 2011"]
[Source "ChessBase"]
[SourceDate "2011.11.26"]
[SourceVersion "1"]
[SourceVersionDate "2011.11.26"]
[SourceQuality "1"]

1. e4 c5 2. Nc3 Nc6 3. d3 d6 4. g3 Nf6 5. Bg2 g6 6. h3 Bg7 7. Be3 e5 8. Qd2 h6 9. Nge2 Be6 10. a3 Qd7 11. O-O O-O 12. Kh2 Kh7 13. f4 exf4 14. Nxf4 Nd4 15. Nxe6 Qxe6 16. Rab1 Nh5 17. Ne2 Nxe2 18. Qxe2 Be5 19. Bf2 d5 20. Bf3 Qd6 21. Bxh5 gxh5 22. Qxh5 Rg8 23. Rg1 Rg7 24. Qf3 Rag8 25. exd5 Bd4 26. c4 Bxf2 27. Qxf2 h5 28. Qf5+ Kh6 29. Qf4+ Qxf4 30. gxf4 Rxg1 31. Rxg1 Rxg1 32. Kxg1 1-0

[Event "Quebec-ch qual"]
[Site "Gatineau CAN"]
[Date "2008.03.11"]
[Round "1"]
[White "Desjardins, Michel"]
[Black "Levesque, Andre"]
[Result "1-0"]
[WhiteElo "1965"]
[BlackElo "1418"]
[PlyCount "71"]
[GameId "2160767910413230"]
[EventDate "2008.03.11"]
[EventType "swiss"]
[EventRounds "5"]
[EventCountry "CAN"]
[SourceTitle "EXT 2011"]
[Source "ChessBase"]
[SourceDate "2011.11.26"]
[SourceVersion "1"]
[SourceVersionDate "2011.11.26"]
[SourceQuality "1"]

1. e4 c5 2. Nc3 Nc6 3. g3 g6 4. Bg2 Bg7 5. d3 d6 6. Be3 e6 7. Qd2 Qa5 8. f4 Bd7 9. Nf3 Nd4 10. O-O Bc6 11. a3 O-O-O 12. Rfb1 a6 13. b4 Qc7 14. Ra2 f5 15. Ne1 Ne7 16. a4 Kd7 17. b5 axb5 18. axb5 Rb8 19. bxc6+ bxc6 20. Rba1 Nb5 21. Nxb5 cxb5 22. Ra7 Rb7 23. Rxb7 Qxb7 24. e5 Qb6 25. Qa5 Nd5 26. Qxb6 Nxb6 27. Ra7+ Kd8 28. Rxg7 Nd5 29. Rb7 Re8 30. Bxd5 exd5 31. Rb8+ Ke7 32. Rxe8+ Kxe8 33. exd6 c4 34. Bc5 c3 35. Nf3 Kd7 36. Ne5+ 1-0

[Event "Quebec-ch qual"]
[Site "Gatineau CAN"]
[Date "2008.03.11"]
[Round "1"]
[White "Forget, David"]
[Black "MacIsaac, Alexandre"]
[Result "1-0"]
[WhiteElo "1930"]
[BlackElo "1356"]
[PlyCount "53"]
[GameId "2160767910413231"]
[EventDate "2008.03.11"]
[EventType "swiss"]
[EventRounds "5"]
[EventCountry "CAN"]
[SourceTitle "EXT 2011"]
[Source "ChessBase"]
[SourceDate "2011.11.26"]
[SourceVersion "1"]
[SourceVersionDate "2011.11.26"]
[SourceQuality "1"]

1. d4 d5 2. c4 c6 3. Nf3 Nf6 4. cxd5 cxd5 5. Nc3 Nc6 6. Bf4 e6 7. e3 Bd6 8. Bxd6 Qxd6 9. Bd3 O-O 10. O-O e5 11. Nb5 Qe7 12. dxe5 Nxe5 13. Nxe5 Qxe5 14. Nd4 Ng4 15. g3 Nxe3 16. fxe3 Qxe3+ 17. Rf2 f5 18. Nc2 Qg5 19. Rf4 Qh6 20. Ne3 Qb6 21. Qd2 g5 22. Rf2 f4 23. gxf4 gxf4 24. Nxd5 Qc5 25. Rc1 Qd6 26. Rg2+ Kh8 27. Qc3+ 1-0

[Event "Quebec-ch qual"]
[Site "Gatineau CAN"]
[Date "2008.03.11"]
[Round "1"]
[White "Guimond, Michel"]
[Black "Rainey, Ivan"]
[Result "1-0"]
[WhiteElo "1874"]
[BlackElo "1299"]
[PlyCount "35"]
[GameId "2160767910413232"]
[EventDate "2008.03.11"]
[EventType "swiss"]
[EventRounds "5"]
[EventCountry "CAN"]
[SourceTitle "EXT 2011"]
[Source "ChessBase"]
[SourceDate "2011.11.26"]
[SourceVersion "1"]
[SourceVersionDate "2011.11.26"]
[SourceQuality "1"]

1. e4 c6 2. d4 d5 3. e5 Bf5 4. g4 Bg6 5. h4 h6 6. h5 Bh7 7. e6 fxe6 8. Bd3 Bxd3 9. Qxd3 Nf6 10. Nf3 Qd6 11. Ne5 Nbd7 12. Qg6+ Kd8 13. Nf7+ Kc7 14. Nxd6 exd6 15. Bf4 Re8 16. O-O e5 17. dxe5 dxe5 18. Bg3 1-0

[Event "Quebec-ch qual"]
[Site "Gatineau CAN"]
[Date "2008.03.11"]
[Round "1"]
[White "Jiang, Qizhe"]
[Black "Menard, Marc"]
[Result "0-1"]
[WhiteElo "971"]
[BlackElo "1635"]
[PlyCount "50"]
[GameId "2160767910413233"]
[EventDate "2008.03.11"]
[EventType "swiss"]
[EventRounds "5"]
[EventCountry "CAN"]
[SourceTitle "EXT 2011"]
[Source "ChessBase"]
[SourceDate "2011.11.26"]
[SourceVersion "1"]
[SourceVersionDate "2011.11.26"]
[SourceQuality "1"]

1. e4 d5 2. exd5 Nf6 3. d4 Nxd5 4. Bc4 Nb6 5. Be2 g6 6. Be3 Bg7 7. Nf3 O-O 8. Nc3 Nc6 9. h3 e5 10. d5 Nb4 11. Bxb6 axb6 12. a3 Na6 13. Bd3 Nc5 14. Be4 Nxe4 15. Nxe4 f5 16. Nc3 Re8 17. O-O c6 18. dxc6 bxc6 19. Qxd8 Rxd8 20. Rfe1 e4 21. Nh2 Ba6 22. Rad1 Rd4 23. Rxd4 Bxd4 24. Rd1 Rd8 25. Na4 Bxf2+ 0-1

[Event "Quebec-ch qual"]
[Site "Gatineau CAN"]
[Date "2008.03.11"]
[Round "1"]
[White "Kennedy, Phillip"]
[Black "Danilov, Alex"]
[Result "0-1"]
[WhiteElo "1343"]
[BlackElo "1922"]
[PlyCount "84"]
[GameId "2160767910413234"]
[EventDate "2008.03.11"]
[EventType "swiss"]
[EventRounds "5"]
[EventCountry "CAN"]
[SourceTitle "EXT 2011"]
[Source "ChessBase"]
[SourceDate "2011.11.26"]
[SourceVersion "1"]
[SourceVersionDate "2011.11.26"]
[SourceQuality "1"]

1. c4 e5 2. g3 Nf6 3. Bg2 c5 4. Nc3 Nc6 5. d3 Be7 6. Nf3 O-O 7. O-O d6 8. e3 Be6 9. Ng5 Bd7 10. Nge4 a6 11. Nxf6+ Bxf6 12. Nd5 Bg5 13. f4 exf4 14. exf4 Bf6 15. Nxf6+ Qxf6 16. Rf2 Rfe8 17. Rb1 Re7 18. b3 Rae8 19. Bb2 Qg6 20. Qd2 Bg4 21. Be4 Bf5 22. Re1 Bxe4 23. dxe4 Rxe4 24. Rxe4 Rxe4 25. f5 Qg4 26. Kg2 Nd4 27. h3 Qh5 28. Bxd4 Rxd4 29. Qe3 h6 30. Rf4 Rxf4 31. Qxf4 Qe2+ 32. Qf2 Qe4+ 33. Qf3 Qc6 34. Qxc6 bxc6 35. Kf3 Kf8 36. h4 Ke7 37. Kf4 d5 38. a3 a5 39. g4 Kd6 40. g5 h5 41. g6 f6 42. Ke3 Ke5 0-1

[Event "Quebec-ch qual"]
[Site "Gatineau CAN"]
[Date "2008.03.11"]
[Round "1"]
[White "Labelle, Raymond"]
[Black "Groleau, Gilles"]
[Result "1/2-1/2"]
[WhiteElo "1368"]
[BlackElo "1959"]
[PlyCount "149"]
[GameId "2160767910413235"]
[EventDate "2008.03.11"]
[EventType "swiss"]
[EventRounds "5"]
[EventCountry "CAN"]
[SourceTitle "EXT 2011"]
[Source "ChessBase"]
[SourceDate "2011.11.26"]
[SourceVersion "1"]
[SourceVersionDate "2011.11.26"]
[SourceQuality "1"]

1. e4 c5 2. Nf3 e6 3. d4 cxd4 4. Nxd4 Nf6 5. Nc3 d6 6. Bd3 Nc6 7. Nxc6 bxc6 8. Be3 Be7 9. O-O O-O 10. f4 Qc7 11. Qf3 Bd7 12. g4 Rab8 13. g5 Ne8 14. Rab1 f5 15. Rf2 g6 16. h4 Ng7 17. Ne2 d5 18. e5 c5 19. c3 Nh5 20. Ng3 Nxg3 21. Qxg3 c4 22. Be2 Bc5 23. Rh2 Bxe3+ 24. Qxe3 Qb6 25. Kf2 Be8 26. h5 Bf7 27. Qxb6 Rxb6 28. Kg3 Rfb8 29. Bf3 gxh5 30. Kh4 Ra6 31. Ra1 Kg7 32. Bxh5 Bxh5 33. Kxh5 Rab6 34. Rb1 d4 35. cxd4 c3 36. b3 Rb4 37. Rc1 Rxd4 38. Rxc3 Rxf4 39. Rc7+ Kg8 40. g6 hxg6+ 41. Kxg6 Rg4+ 42. Kf6 Rf8+ 43. Kxe6 f4 44. Rch7 Rg6+ 45. Ke7 Rb6 46. Rh8+ Kg7 47. Rxf8 Rb7+ 48. Ke6 Kxf8 49. Rf2 Rf7 50. Kd5 Ke7 51. Ke4 Rh7 52. Rxf4 Rh2 53. a4 Rb2 54. Rf3 Ke6 55. Rf6+ Ke7 56. Rf3 Ke6 57. Rc3 Re2+ 58. Re3 Rd2 59. Rd3 Re2+ 60. Kd4 Re1 61. a5 Rxe5 62. Re3 Rxe3 63. Kxe3 Kd6 64. Kd3 Kc5 65. Kc3 Kb5 66. b4 Ka6 67. Kc4 Kb7 68. Kc5 Kc7 69. Kb5 Kb7 70. a6+ Kb8 71. Kc5 Ka8 72. b5 Kb8 73. Kc6 Ka8 74. b6 axb6 75. Kxb6 1/2-1/2

[Event "Quebec-ch qual"]
[Site "Gatineau CAN"]
[Date "2008.03.11"]
[Round "1"]
[White "Laurin, Jacques"]
[Black "Carrier, Simon"]
[Result "1-0"]
[WhiteElo "1819"]
[BlackElo "1218"]
[PlyCount "125"]
[GameId "2160767910413236"]
[EventDate "2008.03.11"]
[EventType "swiss"]
[EventRounds "5"]
[EventCountry "CAN"]
[SourceTitle "EXT 2011"]
[Source "ChessBase"]
[SourceDate "2011.11.26"]
[SourceVersion "1"]
[SourceVersionDate "2011.11.26"]
[SourceQuality "1"]

1. c4 g6 2. g3 Bg7 3. Bg2 Nf6 4. Nc3 e5 5. Nh3 c6 6. d4 exd4 7. Qxd4 O-O 8. Qd3 d6 9. Bg5 Na6 10. Qd2 Nb4 11. a3 Qa5 12. O-O Na6 13. Qxd6 Bxh3 14. Bxf6 Be6 15. b4 Qf5 16. Bxg7 Kxg7 17. e4 Qf6 18. e5 Qf5 19. Be4 Qg5 20. f4 Qg4 21. Bf3 Qf5 22. Be2 Rad8 23. Qe7 Rd7 24. Qh4 Rd4 25. g4 Qc2 26. Qf6+ Kg8 27. f5 Bxc4 28. Rac1 Qd2 29. fxg6 hxg6 30. Qf3 Bxe2 31. Nxe2 Qg5 32. h3 Rd5 33. e6 Rf5 34. Qb3 Nc7 35. Rxf5 gxf5 36. Rc5 fxe6 37. Nd4 Re8 38. Rxf5 Qc1+ 39. Rf1 Qd2 40. Nf3 Qe2 41. Re1 Qa6 42. Re5 Nd5 43. Rg5+ Kf7 44. Qb2 Qb6+ 45. Kh1 Rg8 46. Ne5+ Kf8 47. Nd7+ Kf7 48. Nxb6 Rxg5 49. Qf2+ Ke7 50. Qh4 Kf6 51. Nd7+ Kg6 52. Nf8+ Kg7 53. Nxe6+ Kf6 54. Nxg5 Nf4 55. Nf3+ Kg6 56. g5 Kf5 57. Qxf4+ Kxf4 58. g6 Kxf3 59. g7 Kg3 60. Kg1 Kxh3 61. g8=Q Kh4 62. Kf2 Kh3 63. Qg3# 1-0

[Event "Quebec-ch qual"]
[Site "Gatineau CAN"]
[Date "2008.03.11"]
[Round "1"]
[White "Maisonneuve, Paul"]
[Black "Arsenault, Michel"]
[Result "1-0"]
[WhiteElo "1443"]
[BlackElo "1989"]
[PlyCount "69"]
[GameId "2160767910413237"]
[EventDate "2008.03.11"]
[EventType "swiss"]
[EventRounds "5"]
[EventCountry "CAN"]
[SourceTitle "EXT 2011"]
[Source "ChessBase"]
[SourceDate "2011.11.26"]
[SourceVersion "1"]
[SourceVersionDate "2011.11.26"]
[SourceQuality "1"]

1. d4 Nf6 2. Nf3 e6 3. Bf4 b6 4. e3 Bb7 5. Bd3 c5 6. c3 Nc6 7. O-O Be7 8. h3 O-O 9. Nbd2 d6 10. Qe2 Re8 11. dxc5 bxc5 12. Rfd1 Nd5 13. Bg3 Nb6 14. Nc4 h6 15. Nxb6 Qxb6 16. Rab1 a5 17. Bb5 Red8 18. a4 Ba6 19. Bxa6 Rxa6 20. Nd2 d5 21. e4 Bf8 22. exd5 exd5 23. Bh4 Rd6 24. Bg3 Re6 25. Qb5 Ne5 26. Nb3 c4 27. Rxd5 cxb3 28. Qxb6 Raxb6 29. Rxe5 Red6 30. Rxa5 Rd2 31. Rb5 Rxb5 32. axb5 f6 33. b6 Rd7 34. Bc7 Bd6 35. Rd1 1-0

[Event "Quebec-ch qual"]
[Site "Gatineau CAN"]
[Date "2008.03.11"]
[Round "1"]
[White "Szalay, Karoly"]
[Black "Arsenault, Yves"]
[Result "1-0"]
[WhiteElo "2098"]
[BlackElo "1534"]
[PlyCount "109"]
[GameId "2160767910413238"]
[EventDate "2008.03.11"]
[EventType "swiss"]
[EventRounds "5"]
[EventCountry "CAN"]
[SourceTitle "EXT 2011"]
[Source "ChessBase"]
[SourceDate "2011.11.26"]
[SourceVersion "1"]
[SourceVersionDate "2011.11.26"]
[SourceQuality "1"]

1. e4 e5 2. Nf3 Nc6 3. Bc4 Nf6 4. O-O d6 5. d3 Bg4 6. Bg5 h6 7. Bh4 Be7 8. Nbd2 Qd7 9. c3 a6 10. Bxf6 Bxf6 11. Re1 O-O 12. Bd5 Nd8 13. Nf1 c6 14. Bb3 Ne6 15. Ne3 Ng5 16. Nxe5 Bxe5 17. Qxg4 Qxg4 18. Nxg4 Bf4 19. h4 h5 20. hxg5 hxg4 21. g6 d5 22. gxf7+ Kxf7 23. exd5 cxd5 24. Bxd5+ Kg6 25. Bxb7 Rab8 26. Be4+ Kg5 27. Rab1 g3 28. fxg3 Bxg3 29. Rf1 Bf4 30. Rf3 Kg4 31. b3 Rh8 32. Rbf1 Rbf8 33. g3 Bd6 34. Rxf8 Bxf8 35. Kg2 Bd6 36. d4 Re8 37. Bf5+ Kg5 38. Bd3 Re3 39. Rf3 Re1 40. Bxa6 Ra1 41. Rf2 Rc1 42. c4 Rc3 43. c5 Rxg3+ 44. Kf1 Bf4 45. d5 Be3 46. d6 Bxc5 47. d7 Bb6 48. Rf8 Rg1+ 49. Ke2 Rg2+ 50. Kd3 Rxa2 51. Bc4 Ra1 52. Kc2 Ra2+ 53. Kc3 Ba5+ 54. b4 Ra3+ 55. Kb2 1-0

[Event "Quebec-ch qual"]
[Site "Gatineau CAN"]
[Date "2008.03.11"]
[Round "1"]
[White "Thibault, David"]
[Black "Cossette, Daniel"]
[Result "0-1"]
[WhiteElo "1224"]
[BlackElo "2116"]
[PlyCount "68"]
[GameId "2160767910413239"]
[EventDate "2008.03.11"]
[EventType "swiss"]
[EventRounds "5"]
[EventCountry "CAN"]
[SourceTitle "EXT 2011"]
[Source "ChessBase"]
[SourceDate "2011.11.26"]
[SourceVersion "1"]
[SourceVersionDate "2011.11.26"]
[SourceQuality "1"]

1. e4 c5 2. Nf3 Nc6 3. Bc4 e6 4. d3 Nge7 5. O-O d5 6. Bb3 Ng6 7. Nc3 d4 8. Ne2 Be7 9. c3 O-O 10. Ba4 e5 11. h3 Qd6 12. Ne1 Rd8 13. f4 c4 14. Bxc6 Qxc6 15. fxe5 dxc3 16. d4 cxb2 17. Bxb2 Qxe4 18. Nf3 Be6 19. Qe1 b5 20. Bc3 b4 21. Ng3 Qxe1 22. Bxe1 c3 23. a3 a5 24. axb4 axb4 25. Rxa8 Rxa8 26. Ne4 Bc4 27. Rf2 Ra1 28. Kh2 Nh4 29. Bxc3 bxc3 30. Nxc3 Rc1 31. Nxh4 Bxh4 32. Rf3 Be1 33. Na4 Bd5 34. Re3 Ba5 0-1

[Event "Quebec-ch qual"]
[Site "Gatineau CAN"]
[Date "2008.03.11"]
[Round "1"]
[White "Thompson, Daniel"]
[Black "Sunatori, Evelyne"]
[Result "1-0"]
[WhiteElo "1655"]
[BlackElo "1185"]
[PlyCount "89"]
[GameId "2160767910413240"]
[EventDate "2008.03.11"]
[EventType "swiss"]
[EventRounds "5"]
[EventCountry "CAN"]
[SourceTitle "EXT 2011"]
[Source "ChessBase"]
[SourceDate "2011.11.26"]
[SourceVersion "1"]
[SourceVersionDate "2011.11.26"]
[SourceQuality "1"]

1. d4 d5 2. c4 e6 3. Nc3 Nf6 4. Nf3 Nc6 5. Bg5 Be7 6. e3 O-O 7. Bd3 Nb4 8. Be2 c5 9. dxc5 Bxc5 10. a3 Nc6 11. cxd5 exd5 12. Bxf6 Qxf6 13. Qxd5 Bb6 14. O-O Be6 15. Qh5 Ba5 16. Ng5 h6 17. Nxe6 Qxe6 18. Rfd1 Rad8 19. Rd3 Rxd3 20. Bxd3 Qf6 21. Nd5 Qxb2 22. Rb1 Qxa3 23. Nf6+ Kh8 24. Qf5 g6 25. Qf4 Kg7 26. Ng4 Rh8 27. Qf6+ Kg8 28. Rxb7 Rh7 29. Qxc6 Qf8 30. Bxg6 fxg6 31. Qxg6+ Rg7 32. Nf6+ Qxf6 33. Qxf6 Rxb7 34. Qe6+ Kg7 35. Qe5+ Kf8 36. Qc5+ Kg7 37. Qe5+ Kf8 38. Qf6+ Ke8 39. Qh8+ Kd7 40. f4 Rb3 41. Qg7+ Kd6 42. Qe5+ Kc6 43. Qe6+ Kc7 44. Qxb3 Bb6 45. g4 1-0

[Event "Quebec-ch qual"]
[Site "Gatineau CAN"]
[Date "2008.03.18"]
[Round "2"]
[White "Arsenault, Yves"]
[Black "Thibault, David"]
[Result "1/2-1/2"]
[WhiteElo "1534"]
[BlackElo "1224"]
[PlyCount "78"]
[GameId "2160767910413241"]
[EventDate "2008.03.11"]
[EventType "swiss"]
[EventRounds "5"]
[EventCountry "CAN"]
[SourceTitle "EXT 2011"]
[Source "ChessBase"]
[SourceDate "2011.11.26"]
[SourceVersion "1"]
[SourceVersionDate "2011.11.26"]
[SourceQuality "1"]

1. e4 e5 2. Nf3 Nc6 3. Bc4 h6 4. b3 Bc5 5. Bb2 d6 6. Nc3 Nf6 7. h3 a6 8. Nd5 Nxe4 9. d4 Ba7 10. O-O f6 11. Nh4 h5 12. Qd3 f5 13. Nf3 b5 14. Bxb5 axb5 15. dxe5 dxe5 16. Nxe5 Nxe5 17. Bxe5 c6 18. Nc7+ Ke7 19. Nxa8 Rg8 20. Rad1 Qe8 21. Bc7 g5 22. Nb6 Be6 23. f3 Nf6 24. Rfe1 Nd5 25. Qxf5 Nxc7 26. Qc5+ Kf7 27. Rd6 Rg6 28. Qxc6 Qxc6 29. Rxc6 Nd5 30. c4 bxc4 31. bxc4 Bxb6+ 32. Kh1 Ba5 33. Rb1 Ne7 34. Rc5 Bd2 35. a4 Bf4 36. Rb7 Ke8 37. Rb6 Kd8 38. a5 Bc8 39. Rxg6 Nxg6 1/2-1/2

[Event "Quebec-ch qual"]
[Site "Gatineau CAN"]
[Date "2008.03.18"]
[Round "2"]
[White "Cossette, Daniel"]
[Black "Laurin, Jacques"]
[Result "1-0"]
[WhiteElo "2116"]
[BlackElo "1819"]
[PlyCount "65"]
[GameId "2160767910413242"]
[EventDate "2008.03.11"]
[EventType "swiss"]
[EventRounds "5"]
[EventCountry "CAN"]
[SourceTitle "EXT 2011"]
[Source "ChessBase"]
[SourceDate "2011.11.26"]
[SourceVersion "1"]
[SourceVersionDate "2011.11.26"]
[SourceQuality "1"]

1. e4 d6 2. d4 Nf6 3. Nc3 c6 4. f4 Qa5 5. Bd2 Qb6 6. Nf3 Qxb2 7. Rb1 Qa3 8. Rb3 Qa5 9. e5 Nd5 10. Nxd5 Qxd5 11. c4 Qe4+ 12. Re3 Qxf4 13. Bd3 dxe5 14. Rxe5 Qf6 15. c5 h6 16. O-O Nd7 17. Re2 Nxc5 18. dxc5 Qb2 19. Bc4 e6 20. Be3 Qc3 21. Qd4 Qxd4 22. Bxd4 Be7 23. Bxg7 Bxc5+ 24. Kh1 Rg8 25. Bxh6 b5 26. Bd3 f6 27. Rc2 Be7 28. Rxc6 Bd7 29. Rc2 Bd6 30. Be4 Rb8 31. Bc6 Rg6 32. Be3 a5 33. Rd1 1-0

[Event "Quebec-ch qual"]
[Site "Gatineau CAN"]
[Date "2008.03.18"]
[Round "2"]
[White "Danilov, Alex"]
[Black "Blouin, Francois"]
[Result "1/2-1/2"]
[WhiteElo "1922"]
[BlackElo "1512"]
[PlyCount "116"]
[GameId "2160767910413243"]
[EventDate "2008.03.11"]
[EventType "swiss"]
[EventRounds "5"]
[EventCountry "CAN"]
[SourceTitle "EXT 2011"]
[Source "ChessBase"]
[SourceDate "2011.11.26"]
[SourceVersion "1"]
[SourceVersionDate "2011.11.26"]
[SourceQuality "1"]

1. e4 e6 2. d4 d5 3. Nd2 dxe4 4. Nxe4 Nf6 5. Bd3 Be7 6. c3 b6 7. Be3 Bb7 8. f3 Nbd7 9. Ne2 Nxe4 10. fxe4 Bh4+ 11. g3 Bg5 12. Nf4 e5 13. Ne6 fxe6 14. Qh5+ g6 15. Qxg5 Qxg5 16. Bxg5 h6 17. Be3 O-O-O 18. O-O-O g5 19. Rhf1 exd4 20. cxd4 Rhf8 21. Bc4 Rxf1 22. Rxf1 Rf8 23. Rxf8+ Nxf8 24. Bd3 Nd7 25. Bc4 Nf8 26. d5 e5 27. h4 gxh4 28. gxh4 h5 29. Be2 Ng6 30. Bxh5 Nxh4 31. Bg5 Ng2 32. Bg4+ Kb8 33. Kd2 Bc8 34. Bxc8 Kxc8 35. Bf6 Kd7 36. Bxe5 Nh4 37. Ke3 Ng6 38. Bg3 c6 39. Kd4 cxd5 40. exd5 Ne7 41. Bb8 Kc8 42. Bxa7 Kb7 43. Bxb6 Kxb6 44. a4 Nf5+ 45. Ke5 Ne3 46. Ke6 Kc7 47. b3 Kd8 48. Kd6 Nf5+ 49. Kc5 Kc7 50. a5 Nd6 51. a6 Ne4+ 52. Kd4 Nd6 53. Ke5 Nb5 54. d6+ Nxd6 55. a7 Nf7+ 56. Kf6 Kb7 57. Kxf7 Kxa7 58. Ke6 Kb6 1/2-1/2

[Event "Quebec-ch qual"]
[Site "Gatineau CAN"]
[Date "2008.03.18"]
[Round "2"]
[White "Duret, Serge"]
[Black "Berthiaume, Serge"]
[Result "0-1"]
[WhiteElo "1071"]
[BlackElo "1264"]
[PlyCount "64"]
[GameId "2160767910413244"]
[EventDate "2008.03.11"]
[EventType "swiss"]
[EventRounds "5"]
[EventCountry "CAN"]
[SourceTitle "EXT 2011"]
[Source "ChessBase"]
[SourceDate "2011.11.26"]
[SourceVersion "1"]
[SourceVersionDate "2011.11.26"]
[SourceQuality "1"]

1. e4 e5 2. Nf3 Nc6 3. Bc4 Bc5 4. Nc3 Nh6 5. d3 Ng4 6. Be3 Bxe3 7. fxe3 Nxe3 8. Qe2 Nxc4 9. dxc4 d6 10. O-O O-O 11. h3 f5 12. Qf2 fxe4 13. Nxe4 Nd4 14. Qd2 Nxf3+ 15. Rxf3 Rxf3 16. gxf3 Bxh3 17. Ng5 Qd7 18. Qd5+ Kf8 19. Nxh7+ Ke7 20. Ng5 Rf8 21. Nxh3 Qxh3 22. Kf2 c6 23. Qe4 Rf4 24. Qd3 Qh2+ 25. Ke3 Qg3 26. Rf1 e4 27. Qe2 Ke6 28. Qf2 Rxf3+ 29. Qxf3 exf3 30. Rxf3 Qe5+ 31. Kd2 Qd4+ 32. Kc1 g5 0-1

[Event "Quebec-ch qual"]
[Site "Gatineau CAN"]
[Date "2008.03.18"]
[Round "2"]
[White "Groleau, Gilles"]
[Black "Jani, Louis"]
[Result "1-0"]
[WhiteElo "1959"]
[BlackElo "1467"]
[PlyCount "67"]
[GameId "2160767910413245"]
[EventDate "2008.03.11"]
[EventType "swiss"]
[EventRounds "5"]
[EventCountry "CAN"]
[SourceTitle "EXT 2011"]
[Source "ChessBase"]
[SourceDate "2011.11.26"]
[SourceVersion "1"]
[SourceVersionDate "2011.11.26"]
[SourceQuality "1"]

1. e4 c5 2. Nc3 d6 3. f4 Nc6 4. Nf3 a6 5. d3 g6 6. g3 Bg7 7. Bg2 Nf6 8. O-O e6 9. Kh1 Rb8 10. Be3 O-O 11. Qd2 Ng4 12. Bg1 b5 13. h3 Nf6 14. Ne2 Bb7 15. g4 Ne7 16. Ng3 Nd7 17. c3 f5 18. Rae1 Nc6 19. Ng5 Qf6 20. exf5 e5 21. N3e4 Qd8 22. Ne6 Qe7 23. Nxf8 Nxf8 24. f6 Bxf6 25. Nxf6+ Qxf6 26. fxe5 Qe6 27. exd6 Qxa2 28. Bxc5 Nd7 29. Bg1 Nce5 30. Bxb7 Rxb7 31. d4 Nc4 32. Re8+ Kg7 33. Re7+ Kg8 34. Qh6 1-0

[Event "Quebec-ch qual"]
[Site "Gatineau CAN"]
[Date "2008.03.18"]
[Round "2"]
[White "Lacourse, Guy"]
[Black "Ethier, Valori"]
[Result "1-0"]
[WhiteElo "1573"]
[BlackElo "1367"]
[PlyCount "65"]
[GameId "2160767910413246"]
[EventDate "2008.03.11"]
[EventType "swiss"]
[EventRounds "5"]
[EventCountry "CAN"]
[SourceTitle "EXT 2011"]
[Source "ChessBase"]
[SourceDate "2011.11.26"]
[SourceVersion "1"]
[SourceVersionDate "2011.11.26"]
[SourceQuality "1"]

1. d4 d5 2. c4 c6 3. cxd5 cxd5 4. Nf3 Nf6 5. Bf4 Nc6 6. e3 e6 7. Nbd2 a6 8. a3 Bd6 9. Bd3 Bxf4 10. exf4 Qc7 11. g3 O-O 12. O-O b5 13. Nb3 Na5 14. Nc5 Nb7 15. Rc1 Nxc5 16. Rxc5 Qd6 17. Ne5 Bb7 18. Bb1 Rac8 19. b4 Rfd8 20. Qd3 g6 21. Rfc1 Ne4 22. Rxc8 Rxc8 23. Rxc8+ Bxc8 24. Qc2 Bb7 25. f3 Nf6 26. Kf2 Qb6 27. Qc3 Qd8 28. Qc5 Nd7 29. Qd6 Qb6 30. Qxd7 Qxd4+ 31. Kg2 Qb2+ 32. Kh3 Kg7 33. Qxf7+ 1-0

[Event "Quebec-ch qual"]
[Site "Gatineau CAN"]
[Date "2008.03.18"]
[Round "2"]
[White "Levesque, Andre"]
[Black "Carrier, Simon"]
[Result "0-1"]
[WhiteElo "1418"]
[BlackElo "1218"]
[PlyCount "126"]
[GameId "2160767910413247"]
[EventDate "2008.03.11"]
[EventType "swiss"]
[EventRounds "5"]
[EventCountry "CAN"]
[SourceTitle "EXT 2011"]
[Source "ChessBase"]
[SourceDate "2011.11.26"]
[SourceVersion "1"]
[SourceVersionDate "2011.11.26"]
[SourceQuality "1"]

1. e4 g6 2. d4 b6 3. Nf3 Bb7 4. Bd3 Bg7 5. O-O d6 6. Nc3 Nc6 7. Be3 Qd7 8. Qe2 e5 9. dxe5 Nxe5 10. Nxe5 Bxe5 11. Rad1 Ne7 12. Rfe1 Bxc3 13. bxc3 O-O-O 14. Rd2 Bxe4 15. Bd4 Rhf8 16. Qxe4 d5 17. Ba6+ Kb8 18. Qf3 f5 19. Red1 Qc6 20. Bg7 Rfe8 21. Bh6 b5 22. Bxb5 Qxb5 23. Bg5 c6 24. Rd4 Qa5 25. Rb1+ Kc8 26. Bf4 Qxa2 27. Rdb4 Ng8 28. h3 Re4 29. Rb8+ Kd7 30. R1b7+ Ke8 31. Rxd8+ Kxd8 32. Rb8+ Ke7 33. Rxg8 Kf7 34. Rc8 Qxc2 35. Rxc6 a5 36. g4 d4 37. gxf5 Re1+ 38. Kg2 Qxf5 39. cxd4 Re4 40. Rc7+ Ke6 41. Rc5 Qxf4 42. Qxf4 Rxf4 43. d5+ Kd6 44. Rxa5 Rf5 45. Ra7 Rh5 46. Ra5 Rxd5 47. Ra6+ Ke5 48. Ra7 h5 49. Kg3 Kf5 50. Rf7+ Kg5 51. h4+ Kh6 52. f4 Rf5 53. Re7 Rf6 54. Kf3 Rb6 55. Ke4 Rb1 56. Ke5 Rh1 57. f5 Re1+ 58. Kf6 Rxe7 59. Kxe7 gxf5 60. Kf6 f4 61. Kf5 f3 62. Kf4 f2 63. Kg3 f1=Q 0-1

[Event "Quebec-ch qual"]
[Site "Gatineau CAN"]
[Date "2008.03.18"]
[Round "2"]
[White "Libersan, Mattieu"]
[Black "Maisonneuve, Paul"]
[Result "1-0"]
[WhiteElo "1843"]
[BlackElo "1443"]
[PlyCount "83"]
[GameId "2160767910413248"]
[EventDate "2008.03.11"]
[EventType "swiss"]
[EventRounds "5"]
[EventCountry "CAN"]
[SourceTitle "EXT 2011"]
[Source "ChessBase"]
[SourceDate "2011.11.26"]
[SourceVersion "1"]
[SourceVersionDate "2011.11.26"]
[SourceQuality "1"]

1. e4 d6 2. d4 Nf6 3. Nc3 g6 4. f4 Bg7 5. Nf3 c5 6. Bb5+ Bd7 7. e5 Bxb5 8. exf6 Bxf6 9. Nxb5 Qa5+ 10. Nc3 cxd4 11. Nxd4 Qb4 12. Ndb5 Kd7 13. O-O a6 14. Na3 Bxc3 15. bxc3 Qxc3 16. Rb1 b5 17. Bb2 Qc5+ 18. Bd4 Qxa3 19. Bxh8 Nc6 20. Bb2 Qxa2 21. f5 Rc8 22. fxg6 hxg6 23. Qf3 Ke8 24. Qb3 Qxb3 25. cxb3 Nb4 26. Rfc1 Rxc1+ 27. Rxc1 Nd3 28. Rc2 Nb4 29. Rc7 Kd8 30. Ra7 Nd3 31. Bc3 Nc1 32. Ba5+ Ke8 33. b4 d5 34. Kf2 d4 35. Ra8+ Kd7 36. Rd8+ Ke6 37. Rxd4 Ke5 38. Rd7 Ke6 39. Ra7 Kd6 40. Rxa6+ Kd5 41. Rb6 Kc4 42. Rc6+ 1-0

[Event "Quebec-ch qual"]
[Site "Gatineau CAN"]
[Date "2008.03.18"]
[Round "2"]
[White "MacIsaac, Alexandre"]
[Black "Berthiaume, Patrick"]
[Result "1-0"]
[WhiteElo "1356"]
[BlackElo "1214"]
[PlyCount "21"]
[GameId "2160767910413249"]
[EventDate "2008.03.11"]
[EventType "swiss"]
[EventRounds "5"]
[EventCountry "CAN"]
[SourceTitle "EXT 2011"]
[Source "ChessBase"]
[SourceDate "2011.11.26"]
[SourceVersion "1"]
[SourceVersionDate "2011.11.26"]
[SourceQuality "1"]

1. e4 c5 2. Nf3 e6 3. d4 cxd4 4. Nxd4 Qb6 5. Nc3 Bc5 6. Nce2 e5 7. Nf5 Bxf2+ 8. Kd2 Qb4+ 9. c3 Qxe4 10. Nd6+ Kd8 11. Nxe4 1-0